Membres de la Commission Européenne (12/2023) - Statistiques

Statistiques générales
  • Ce quiz a été pris 8 fois
  • Le résultat moyen est 3 sur 28
Statistiques - réponses
Indice Réponse Parti politique européen|national % Correct
Présidente de la Commission Européenne Ursula von der Leyen PPE|CDU (Allemagne)
83%
Marché intérieur Thierry Breton sans parti, proche de l'UMP (actuel LR, France)
67%
Premier vice-président exécutif pour un Pacte Vert européen Frans Timmermans PSE|Partij van de Arbeid (Pays-Bas)
33%
Cohésion et Réformes Elisa Ferreira PSE|PS (Portugal)
17%
Vice-président pour une Europe plus forte sur la scène internationale Josep Borrell PSE|PSOE (Espagne)
17%
(identique) Haut représentant de l'Union pour les affaires étrangères et la politique de sécurité Josep Borrell PSE|PSOE (Espagne)
17%
Partenariats internationaux Jutta Urpilainen PSE|SDP (Finlande)
17%
Voisinage et Élargissement Olivér Várhelyi sans parti, diplomate proche du FIDESZ (Hongrie)
17%
Santé et Sécurité alimentaire Stélla Kyriakídou PPE|DISY (Rép. de Chypre)
17%
Vice-présidente pour les valeurs et la transparence Věra Jourova ALDE|ANO 2011 (Tchéquie)
17%
Environnement, Océans et Pêche Virginijus Sinkevičius sans|LVZS (Union agraire et des verts, Lituanie)
17%
Affaires intérieures Ylva Johansson PSE|SAP (Suède)
17%
Transports Adina Vălean PPE|PNL (Roumanie)
0%
Justice Didier Reynders ALDE|MR (Belgique)
0%
Vice-présidente pour la Démocratie et la Démographie Dubravka Šuica PPE|HDZ (Croatie)
0%
Égalité Helena Dalli PSE|PL (Malte)
0%
Gestion des crises Janez Lenarčič sans parti, diplomate (Slovénie)
0%
Agriculture Janusz Wojciechowski ACRE|PiS (Pologne)
0%
Budget et Administration Johannes Hahn PPE|ÖVP (Autriche)
0%
Énergie Kadri Simson ALDE|EKE (Estonie)
0%
Vice-président pour la Promotion de notre mode de vie européen Margarítis Schinás PPE|Néa Dimokratía (Grèce)
0%
Vice-présidente exécutive pour une Europe préparée à l'ère numérique Margrethe Vestager ALDE|Radikale Venstre (Danemark)
0%
Innovation, Recherche, Culture, Éducation et Jeunesse Mariya Gabriel PPE|GERB (Bulgarie)
0%
Vice-président pour les relations interinstitutionnelles et la Prospective Maroš Šefčovič PSE|SMER-SD (Slovaquie)
0%
Emploi et Droits sociaux Nicolas Schmit PSE|POSL (Luxembourg)
0%
Économie Paolo Gentiloni PSE|PD (Italie)
0%
Commerce Phil Hogan PPE|Fine Gael (Irlande)
0%
Vice-président exécutif pour une Économie au service des personnes Valdis Dombrovskis PPE|Vienotība (Unité, Lettonie)
0%
Aucun quiz correspondant
Distribution des résultats
% des personnes avec chaque résultat
Percentile par nombre de réponses
Votre historique - résultats
Vous n’avez pas pris ce quiz